Жертвы убийств - Армагеддон - Statistics

General Stats
  • This quiz has been taken 498 times
    100 since last reset
  • The average score is 8 of 21
Answers on the Grid
Answers color-coded by a green-red scale on the quiz's grid according to % correct below.
Джон Кеннеди
Гай Юлий Цезарь
Джордж Оруэлл
Франц Фердинанд
Джон Леннон
Пеле
Авраам Линкольн
Калигула
Фридерик Шопен
Александр II
Коко Шанель
Исаак Ньютон
Николай II
Стэнли Кубрик
Лев Троцкий
Вячеслав Молотов
Уинстон Черчилль
Пётр Столыпин
Григорий Распутин
Иосиф Бродский
Виктор Гюго
Борис Немцов
Сальвадор Дали
Махатма Ганди
Анна Политковская
Йохан Кройф
Владислав Листьев
Тупак Шакур
Никола Тесла
Синдзо Абэ
Энди Уорхол
Мартин Лютер Кинг
Андрей Тарковский
Чарлз Дарвин
Малкольм Икс
Джанни Версаче
Франц Кафка
Алексей Балабанов
Галина Старовойтова
 
Answer Stats
Answer % Correct
Гай Юлий Цезарь
64%
Джон Кеннеди
60%
Григорий Распутин
60%
Николай II
55%
Авраам Линкольн
52%
Борис Немцов
50%
Лев Троцкий
48%
Франц Фердинанд
45%
Тупак Шакур
45%
Александр II
45%
Джон Леннон
38%
Мартин Лютер Кинг
38%
Пётр Столыпин
31%
Анна Политковская
31%
Синдзо Абэ
24%
Владислав Листьев
22%
Галина Старовойтова
22%
Калигула
21%
Джанни Версаче
19%
Махатма Ганди
17%
Малкольм Икс
12%
No matching quizzes found
Score Distribution
Percent of People with Each Score
Percentile by Number Answered
Your Score History
You have not taken this quiz since the last reset